1449 1897 1729 1096 1428 1760 1859 1641 1607 1951 1621 1575 1418 1105 1891 1419 1806 1647 1417 1349 1325 1317 1791 1603 1494 1176 1883 1743 1083 1799 1327 1314 1533 1668 1705 1796 1125 1213 1069 1314 1369 1678 1242 1553 1269 1299 1569 1729 1575 1051 1414 1309 1959 1455 1337 1592 1260 1958 1690 1828 1862 1555 1741 1531 1681 1594 1429 1634 1425 1416 1860 1467 1277 1621 1935 1926 1576 1226 1765 1631 1341 1541 1128 1158 1265 1315 1582 1243 1207 1826 1313 1939 1232 1204 1923 1443 1061 1033 1159 BCNSPRNW ULIB Ver.6.0+V

เปลี่ยนเป็นภาษาไทย

Change to English
 แสดงรายละเอียดบรรณานุกรม
  กลับหน้าหลัก

Brief Record : Get Marc (ISO 2709) : E-mail record : QR code < ปิดหน้าต่าง
LEADER : 00000nam 2200000uu 4500
001    13399128618
003     ULIB
008    230921s2564||||th 000 0 tha d
020    ^a9786164436077(ล.3)
060 04 ^aWS200^bส855ต^cล.3
245 00 ^aตำรากุมารเวชศาสตร์ศิริราช :^bภาวะทางคลินิกที่สำคัญ เล่ม 3 /^cสุรชัย ลิขสิทธิ์วัฒนกุล ... [และคนอื่นๆ]
250    ^aพิมพ์ครั้งที่ 1
260    ^aกรุงเทพฯ :^bภาควิชากุมารเวชศาสตร์ คณะแพทยศาสตร์ศิริราชพยาบาลมหาวิทยาลัยมหิดล,^c2564
300    ^axvii, 859หน้า :^bภาพประกอบ ;^c24 ซม.
505 0  ^aGastroenterology -- Cheonatal Cholestasis (ภาวะน้ำดีคั่งในทารกแรกเกิด) -- Cholestatic Liver Diseases in Children (โรคตับชนิดที่มีน้ำดีคั่งในเด็ก) -- Gastrointestinal Hemorrhage (ภาวะเลือดออกจากทางเดินอาหาร) -- Chronic Abdominal Pain (ปวดท้องเรื้อรัง) -- Chronic Diarrhea (อุจจาระร่วงเรื้อรัง) -- Gastroesophageal Reflux Disease (ภาวะกรดไหลย้อน) -- Genetics -- Cytogenetics and Chromosomal Disorders.(เซลล์พันธุศาสตร์และโรคพันธุกรรมที่เกิดจากโครโมโชมผิดปกติ) -- Single-Gene Disorders (โรคยีนเดี่ยว) -- Birth Defects (ความผิดปกติแต่กำเนิด) -- Inborn Error of Metabolism (โรคพันธุกรรมเมตาบอลิก) -- Genetic Counseling (การให้คำปรึกษาแนะนำทางพันธุศาสตร์) -- Growth/Development -- Enuresis and Encopresis (ปัสสาวะรดและอุจจาระรด) -- Cerebral Palsy (ภาวะสมองพิการ) -- Intellectual Disability (ภาวะบกพร่องทางสติปัญญา) -- ematology/Oncology -- Thalassemia and Hemoglobinopathy (โรคโลหิตจางธาลัสซีเมีย) -- Bone Marrow Failure (โรคไขกระดูกฝ่อ) -- Hemophilia (ฮีโมฟีเลีย)-- Immune Thrombocytopenia -- Thrombosis (ภาวะลิ่มเลือดอุดตัน) -- Emergency in Pediatric Oncology (ภาวะฉุกเฉินทางมะเร็งวิทยาในเด็ก) -- Leukemia (มะเร็งเม็ดเลือดขาว) -- Childhood Lymphoma (มะเร็งต่อมน้ำเหลืองในเด็ก) -- Solid Tumor (มะเร็งชนิดเป็นก้อน) -- Practical Points in Transfusion (เวชปฏิบัติทั่วไปในการให้เลือดและส่วนประกอบของเลือด) -- Infectious diseases -- Congenital infections (โรคติดเชื้อแต่กำเนิด) -- Dengue Hemorrhagic Fever (ไข้เลือดออกเดงกี) -- Pulmonary Tuberculosis (วัณโรคปอด) -- HIV/AIDS (โรคติดเชื้อเอชไอวีในเด็กและวัยรุ่น) -- Vaccine Preventable Diseases (โรคที่ป้องกันได้ด้วยวัคซีน) -- Salmonella Infection (โรคติดเชื้อซัลโมเนลล่า) -- Tropical Infectious Diseases (โรคติดเชื้อเขตร้อน) -- Neonatology -- Care of Premature Infants (การดูแลทารกเกิดก่อนกำหนด) -- Perinatal Asphyxia (ภาวะขาดออกซิเจนปริกำเนิด) -- Birth Injuries (การบาดเจ็บระหว่างการคลอด) -- Common Neonatal Respiratory Disorders (ความผิดปกติของระบบหายใจที่พบบ่อยในทารกแรกเกิด) -- Significant Pulmonary Complications in the Newborn (ภาวะแทรกซ้อนที่สำคัญของระบบหายใจในทารกแรกเกิด) -- Neonatal Infections (ภาวะติดเชื้อในทารกแรกเกิด) -- Intracranial Hemorrhage in Neonates (ภาวะเลือดออกในกะโหลกศีรษะในทารกแรกเกิด) Noninvasive Ventilation Support in Neonates (การช่วยหายใจแบบไม่รุกรานสำหรับทารกแรกเกิด) vasive Mechanical Ventilation in Neonates (การใช้เครื่องช่วยหายใจในทารกแรกเกิด) -- Common Surgical Problems in Newborn (ปัญหาทางศัลยกรรมที่พบบ่อยในทารกแรกเกิด)
650  4 ^aกุมารเวชศาสตร์
650  4 ^aเด็ก^xโรค
653    ^aผลงานอาจารย์คณะแพทยศาสตร์ศิริราชพยาบาล
700 0  ^aสุรชัย ลิขสิทธิ์วัฒนกุล
700 0  ^aวิฐารณ บุญสิทธิ
700 0  ^aวาณี วิสุทธิ์เสรีวงศ์
700 0  ^aรัตนาวลัย นิติยารมย์
700 0  ^aอัจฉรา สัมบุณณานนท์
710 2  ^aมหาวิทยาลัยมหิดล.^bคณะแพทยศาสตร์ศิริราชพยาบาล.^bภาควิชากุมารเวชศาสตร์
945    ^p2000^l0^i29873
945    ^p2000^l0^i29874
999    ^aกัณชพร จุลอักษร
รายการนี้ยังไม่มีแท็ก
คุณยังไม่ได้ล็อกอิน คุณสามารถมีกิจกรรมร่วมกับเว็บไซต์ได้ แต่ต้องล็อกอินก่อน ::
  ล็อกอิน

รายการสื่อสารสนเทศ

ลำดับที่ ประเภท เลขเรียก/บาร์โค้ด สถานที่ สถานะ
1. หนังสือสำรอง
หนังสือสำรอง
WS200 ส855ต ล.3 ฉ.1 
  Barcode: 29873
ห้องสมุดวิทยาเขตนครสวรรค์
►หนังสือทั่วไป:l:General Books
บนชั้น
2. วิทยาศาสตร์การแพทย์ และสุขภาพ
วิทยาศาสตร์การแพทย์ และสุขภาพ
WS200 ส855ต ล.3 ฉ.2 
  Barcode: 29874
ห้องสมุดวิทยาเขตนครสวรรค์
►หนังสือทั่วไป:l:General Books
บนชั้น

รายการใกล้เคียง
    หัวเรื่อง [กุมารเวชศาสตร์]

BibComment


ยังไม่เคยถูกคอมเมนท์

คอมเมนท์ทรัพยากรรายการนี้
  คอมเมนท์: ตำรากุมารเวชศาสต..


 Copyright 2026. Bcnsprnw @Library